Представление документа в формате MARC21

Поле Инд. ПП Название Значение
Тип записи a
Библиографический уровень m
001 Контрольный номер RU/IS/BASE/318944065
005 Дата корректировки 20140703184052.1
040 a Служба первич. каталог. НБ ТвГУ
b Код языка каталог. rus
e Правила каталог. PSBO
041 0_ a Код языка текста rus
080 a Индекс УДК 517
084 a Индекс другой классификации/Индекс ББК В161
090 a Полочн. индекс В161
x Авторский знак Ф 59
100 1_ a Автор Фиников Сергей Павлович
d Дата 1883-1964
q Полное имя Фиников С. П.
245 10 a Заглавие Высший анализ
b Продолж. заглавия лекции, читанные в Авиатехникуме в 1919/20 учебном году
260 a Место издания Москва
b Издательство Московский авиатехникум
c Дата издания 1920
300 a Объем 127 с.
b Иллюстрации/ тип воспроизводства ил.
500 a Примечание На правах рукоп.
650 a Основная рубрика Математический анализ
653 a Ключевые слова Математический анализ
a Ключевые слова Лекции
920 a Оператор Густ
930 a Новая/Ретро лекции
952 c Вид литературы К ру
954 a Дата поступления на обработку 20100210